000 00457pab a2200181 454500
008 180718b2009 xxu||||| |||| 00| 0 eng d
100 _aVarma, Jayanth R.
245 _aIndian financial sector and the global financial crisis
260 _c2009
300 _ap.25-34.
362 _aJul-Sep
650 _aFinance - India
650 _aEconomic recession - India
650 _aEconomic recession
773 _aVikalpa
908 _aN
909 _a84421
999 _c84421
_d84421